| 000 | 00863nam a2200265Ia 4500 | ||
|---|---|---|---|
| 003 | GCL | ||
| 008 | 140319s9999 xx 000 0 ara d | ||
| 040 |
_aGCL / _cGCL |
||
| 082 | 0 | 4 |
_a956.903 _bاف |
| 100 | 1 | _aالكسندر شولش | |
| 245 | 1 | 0 |
_aالفلسطنيون عبر الخط الاخضر / _cالكسندر شولش |
| 700 | 1 | _aرنيارد فايمر | |
| 700 | 1 | _aكمال عبدالفتاح | |
| 700 | 1 | _aمحمد هشام (مترجم) | |
| 260 |
_a[S.N] : _bدار الفكر للدراسات والنشر والتوزيع ، _c1986 |
||
| 300 | _a295 ص | ||
| 490 | _a | ||
| 650 | 0 | 4 | _aفلسطين |
| 650 | 0 | 4 | _aاسرائيل |
| 650 | 0 | 4 | _aالقضية الفلسطينية |
| 650 | 0 | 4 | _aالاحتلال الصهيونى |
| 650 | 0 | 4 | _aالصهيونية |
| 650 | 0 | 4 | _aاللاجئون الفلسطينيون |
| 942 |
_2ddc _cBK |
||
| 999 |
_c53573 _d53573 |
||